[Event "Bundesliga 2021-22"]
[Site "Solingen GER"]
[Date "2022.05.01"]
[Round "6.3"]
[Board "5"]
[White "Fedorchuk, Sergey A."]
[Black "Teclaf, Pawel"]
[Result "1/2-1/2"]
[WhiteTitle "GM"]
[BlackTitle "IM"]
[WhiteElo "2604"]
[BlackElo "2542"]
[WhiteTeam "SC Viernheim"]
[BlackTeam "SK Doppelbauer Turm Kiel"]
[WhiteFideId "14102536"]
[BlackFideId "1185934"]
[EventDate "2022.03.05"]

1. e4 c6 2. d4 d5 3. Nd2 dxe4 4. Nxe4 Bf5 5. Ng3 Bg6 6. Nh3 Nf6 7. c3 Nbd7 8.
Bc4 e6 9. Nf4 Bd6 10. Qf3 Nb6 11. Bb3 Nbd5 12. Nxg6 hxg6 13. Bg5 Be7 14. O-O Nd7
15. Bc1 a5 16. Re1 a4 17. Bc2 O-O 18. Ne4 b5 19. Bd2 e5 20. Rad1 f5 21. Ng3 e4
22. Nxe4 fxe4 23. Qxe4 Rf6 24. Bg5 Rf7 25. Qxg6 Nf8 26. Bxe7 Nxe7 27. Qd3 Nd5
28. g3 1/2-1/2

[Event "Bundesliga 2021-22"]
[Site "Solingen GER"]
[Date "2022.05.01"]
[Round "6.3"]
[Board "6"]
[White "Parvanyan, Ashot"]
[Black "Braun, Arik"]
[Result "1/2-1/2"]
[WhiteTitle "IM"]
[BlackTitle "GM"]
[WhiteElo "2462"]
[BlackElo "2587"]
[WhiteTeam "SK Doppelbauer Turm Kiel"]
[BlackTeam "SC Viernheim"]
[WhiteFideId "13307550"]
[BlackFideId "4663527"]
[EventDate "2022.03.05"]

1. Nf3 d5 2. d4 Nf6 3. c4 dxc4 4. Qa4+ Nbd7 5. Nc3 a6 6. e4 e6 7. Bxc4 Rb8 8.
Qc2 b5 9. Bd3 Bb7 10. Bf4 Rc8 11. d5 exd5 12. e5 Nh5 13. Be3 Nc5 14. O-O-O Ne6
15. Bxh7 Qd7 16. Ng5 g6 17. Bxg6 Nxg5 18. Bxh5 Rxh5 19. Qe2 Rh6 20. Bxg5 Rc6 21.
e6 Rxe6 22. Qd3 d4 23. Qxd4 1/2-1/2

[Event "Bundesliga 2021-22"]
[Site "Solingen GER"]
[Date "2022.05.01"]
[Round "6.3"]
[Board "7"]
[White "Wagner, Dennis"]
[Black "Olsen, Filip Boe"]
[Result "1-0"]
[WhiteTitle "GM"]
[BlackTitle "IM"]
[WhiteElo "2584"]
[BlackElo "2403"]
[WhiteTeam "SC Viernheim"]
[BlackTeam "SK Doppelbauer Turm Kiel"]
[WhiteFideId "24650684"]
[BlackFideId "1440640"]
[EventDate "2022.03.05"]

1. d4 Nf6 2. c4 e6 3. Nf3 d5 4. g3 dxc4 5. Bg2 c6 6. a4 Bb4+ 7. Bd2 a5 8. Na3 b5
9. O-O O-O 10. Qc2 Bxa3 11. bxa3 h6 12. Ne5 Nd5 13. Rfd1 Ba6 14. e4 Ne7 15. axb5
cxb5 16. d5 f6 17. Ng4 e5 18. Qc3 Bc8 19. Ne3 Nd7 20. Rab1 Nb6 21. Rxb5 Bd7 22.
Rxa5 Rc8 23. Qb4 Rb8 24. Nxc4 Nbxd5 25. Qd6 Nb6 26. Bf1 Nc6 27. Ra6 Bg4 28. Qxc6
Bxd1 29. Rxb6 Kh8 30. Bb4 Re8 31. Rxb8 Qxb8 32. Nd6 Re7 33. Qd5 Bh5 34. Bc4 Rd7
35. h4 Kh7 36. Qe6 Rc7 37. g4 Bg6 38. h5 1-0

[Event "Bundesliga 2021-22"]
[Site "Solingen GER"]
[Date "2022.05.01"]
[Round "6.3"]
[Board "8"]
[White "Pajeken, Jakob Leon"]
[Black "Maze, Sebastien"]
[Result "1/2-1/2"]
[WhiteTitle "IM"]
[BlackTitle "GM"]
[WhiteElo "2382"]
[BlackElo "2527"]
[WhiteTeam "SK Doppelbauer Turm Kiel"]
[BlackTeam "SC Viernheim"]
[WhiteFideId "12942839"]
[BlackFideId "613762"]
[EventDate "2022.03.05"]

1. d4 d5 2. Nf3 e6 3. c4 Nf6 4. Nc3 Be7 5. cxd5 exd5 6. Bg5 c6 7. Qc2 O-O 8. e3
Re8 9. Bd3 Nbd7 10. h3 Nf8 11. O-O g6 12. Rab1 Ne6 13. Bh4 a5 14. a3 Ng7 15. b4
axb4 16. axb4 Bf5 17. Bxf6 Bxd3 18. Qxd3 Bxf6 19. b5 Ne6 20. bxc6 bxc6 21. Rfc1
Ra3 22. Qd1 Qa8 23. Ra1 Re7 24. Rxa3 Qxa3 25. Na4 Ra7 26. Ra1 Qb4 27. Nc3 Rxa1
28. Qxa1 Kg7 29. Qc1 h5 30. h4 Qc4 31. Qc2 Nc7 32. Nd2 Qb4 33. Na2 1/2-1/2

[Event "Bundesliga 2021-22"]
[Site "Solingen GER"]
[Date "2022.05.01"]
[Round "6.4"]
[Board "1"]
[White "Harikrishna, Pentala"]
[Black "Nihal, Sarin"]
[Result "1/2-1/2"]
[WhiteTitle "GM"]
[BlackTitle "GM"]
[WhiteElo "2716"]
[BlackElo "2652"]
[WhiteTeam "SG Solingen"]
[BlackTeam "Hamburger SK"]
[WhiteFideId "5007003"]
[BlackFideId "25092340"]
[EventDate "2022.03.05"]

1. e4 e5 2. Nf3 Nc6 3. Bb5 a6 4. Ba4 Nf6 5. O-O Bc5 6. c3 O-O 7. d4 Ba7 8. Re1
b5 9. Bc2 d6 10. h3 Bb7 11. Be3 exd4 12. cxd4 Nb4 13. Nbd2 Nxc2 14. Qxc2 Qd7 15.
d5 Bxe3 16. Rxe3 Rac8 17. Nd4 c6 18. dxc6 Bxc6 19. Qd3 Rfe8 20. Rd1 g6 21. a3
Qd8 22. Nxc6 Rxc6 23. Nf3 Qc7 24. Ree1 Qb7 25. Qd4 Qe7 26. b3 Rec8 27. Qd2 Kg7
28. Re3 Qc7 29. Ree1 Qe7 30. a4 bxa4 31. bxa4 Rc4 32. Qxd6 Qxd6 33. Rxd6 Nxe4
34. Rxa6 Nc5 35. Ra7 Rxa4 36. Rae7 Kf6 37. R7e3 Rca8 38. Rc3 Ne4 39. Rce3 Nc5
40. Rc3 Ne4 1/2-1/2

[Event "Bundesliga 2021-22"]
[Site "Solingen GER"]
[Date "2022.05.01"]
[Round "6.4"]
[Board "2"]
[White "Svane, Rasmus"]
[Black "Van Foreest, Jorden"]
[Result "1/2-1/2"]
[WhiteTitle "GM"]
[BlackTitle "GM"]
[WhiteElo "2637"]
[BlackElo "2714"]
[WhiteTeam "Hamburger SK"]
[BlackTeam "SG Solingen"]
[WhiteFideId "4657101"]
[BlackFideId "1039784"]
[EventDate "2022.03.05"]

1. d4 Nf6 2. c4 e6 3. Nf3 b6 4. g3 Bb7 5. Bg2 Bb4+ 6. Bd2 Be7 7. Nc3 c6 8. O-O
O-O 9. e4 d5 10. exd5 cxd5 11. Ne5 Nc6 12. Bg5 Rc8 13. Bxf6 Bxf6 14. cxd5 Nxe5
15. dxe5 Bxe5 16. dxe6 Bxg2 17. exf7+ Rxf7 18. Kxg2 Qxd1 19. Rfxd1 Bxc3 20. bxc3
Rxc3 21. Rd8+ Rf8 22. Rd2 Re8 23. Rd7 Rc2 24. Rxa7 1/2-1/2

[Event "Bundesliga 2021-22"]
[Site "Solingen GER"]
[Date "2022.05.01"]
[Round "6.4"]
[Board "3"]
[White "Ragger, Markus"]
[Black "Hansen, Sune Berg"]
[Result "1-0"]
[WhiteTitle "GM"]
[BlackTitle "GM"]
[WhiteElo "2647"]
[BlackElo "2528"]
[WhiteTeam "SG Solingen"]
[BlackTeam "Hamburger SK"]
[WhiteFideId "1610856"]
[BlackFideId "1400266"]
[EventDate "2022.03.05"]

1. e4 c6 2. d4 d5 3. e5 c5 4. dxc5 e6 5. Nf3 Bxc5 6. a3 Ne7 7. b4 Bb6 8. Nbd2
Ng6 9. Bb2 a5 10. h4 h5 11. b5 Nd7 12. Bd3 Nf4 13. g3 Nxd3+ 14. cxd3 Nc5 15. Qc2
Bd7 16. a4 Rc8 17. Qb1 Rh6 18. d4 Nxa4 19. Rxa4 Bxb5 20. Ra3 Qd7 21. Bc3 a4 22.
Kd1 Bd8 23. Re1 Bc4 24. Bb4 Qb5 25. Bc5 Qxb1+ 26. Nxb1 Ba5 27. Ree3 b5 28. Ne1
Kd7 29. Nc2 Rhh8 30. Rf3 Ke8 31. Nd2 Rc6 32. Ra1 Rh6 33. Nxc4 1-0

[Event "Bundesliga 2021-22"]
[Site "Solingen GER"]
[Date "2022.05.01"]
[Round "6.4"]
[Board "4"]
[White "Ernst, Sipke"]
[Black "Tari, Aryan"]
[Result "0-1"]
[WhiteTitle "GM"]
[BlackTitle "GM"]
[WhiteElo "2537"]
[BlackElo "2653"]
[WhiteTeam "Hamburger SK"]
[BlackTeam "SG Solingen"]
[WhiteFideId "1004689"]
[BlackFideId "1510045"]
[EventDate "2022.03.05"]

1. d4 Nf6 2. c4 e6 3. Nc3 Bb4 4. e3 O-O 5. Bd2 c5 6. Nf3 cxd4 7. Nxd4 Nc6 8. a3
Be7 9. Be2 d5 10. cxd5 Nxd4 11. exd4 exd5 12. Qb3 Be6 13. Bf4 Bd6 14. Bg5 h6 15.
Bh4 g5 16. Bg3 Ne4 17. Nxe4 dxe4 18. Qxb7 Rb8 19. Qxe4 Bd5 20. Qc2 Bxg2 21. Rg1
Qa5+ 22. Qd2 Qxd2+ 23. Kxd2 Rxb2+ 24. Kc3 Rxe2 25. Rxg2 Bxg3 26. hxg3 Rc8+ 27.
Kd3 Rb2 28. a4 Kg7 29. Ra3 Rc1 30. Ke4 Rd1 31. a5 Rb4 32. Rd3 f5+ 33. Ke3 Re1+
34. Kd2 Ra1 35. d5 Rxa5 36. d6 Rb2+ 37. Ke3 Ra4 38. g4 Re4+ 39. Kf3 Rf4+ 40. Ke3
Re4+ 41. Kf3 Rf4+ 42. Ke3 fxg4 43. Rd5 Kf6 44. Rh2 Ke6 45. Rd1 Ke5 46. d7 Rf3# 0-1

[Event "Bundesliga 2021-22"]
[Site "Solingen GER"]
[Date "2022.05.01"]
[Round "6.4"]
[Board "5"]
[White "L'Ami, Erwin"]
[Black "Svane, Frederik"]
[Result "1-0"]
[WhiteTitle "GM"]
[BlackTitle "IM"]
[WhiteElo "2621"]
[BlackElo "2496"]
[WhiteTeam "SG Solingen"]
[BlackTeam "Hamburger SK"]
[WhiteFideId "1007998"]
[BlackFideId "12923044"]
[EventDate "2022.03.05"]

1. d4 Nf6 2. c4 e6 3. Nf3 d5 4. g3 Bb4+ 5. Bd2 Be7 6. Bg2 O-O 7. O-O c6 8. Qc2
b6 9. Bf4 Bb7 10. Rd1 Nbd7 11. Ne5 Nh5 12. Bd2 Nhf6 13. cxd5 cxd5 14. Nc6 Qe8
15. Nxe7+ Qxe7 16. Qc7 Rab8 17. Qc3 Ne4 18. Qb4 Qxb4 19. Bxb4 Rfc8 20. f3 a5 21.
Ba3 Nef6 22. Bd6 Ra8 23. Nc3 Rc6 24. Bf4 Ba6 25. e4 Bc4 26. a4 Nb8 27. Ra3 Rc8
28. Nb5 Bxb5 29. axb5 Nbd7 30. e5 Ne8 31. Bf1 Ra7 32. b4 a4 33. Rda1 Rca8 34.
Be3 Kf8 35. Bd3 Ke7 36. Kf2 f5 37. g4 g6 38. Ke2 Kf7 39. Kd2 Ke7 40. Kc2 Rc7+
41. Kb2 Rca7 42. Rc1 Nb8 43. Rac3 a3+ 44. Ka2 Ra4 45. Bg5+ Kf7 46. Bd2 Ke7 47.
Rc8 R4a7 48. Be2 Nd7 49. R8c6 Rb7 50. h4 Nf8 51. h5 Raa7 52. Bh6 Ra4 53. Bd2
Raa7 54. Rh1 Kf7 55. Bd3 Ng7 56. hxg6+ hxg6 57. Rh8 Ra8 58. Bh6 Rab8 59. Kxa3
Ra8+ 60. Kb2 Rab8 61. Kc3 Ra8 62. Kd2 Ra2+ 63. Bc2 Ra8 64. Ke2 Rab8 65. Ke3 Ra8
66. Kf4 Rab8 67. Kg5 Ra8 68. Bd3 Rab8 69. gxf5 gxf5 70. f4 1-0

[Event "Bundesliga 2021-22"]
[Site "Solingen GER"]
[Date "2022.05.01"]
[Round "6.4"]
[Board "6"]
[White "Heinemann, Thies"]
[Black "Warmerdam, Max"]
[Result "0-1"]
[WhiteTitle "GM"]
[BlackTitle "GM"]
[WhiteElo "2495"]
[BlackElo "2600"]
[WhiteTeam "Hamburger SK"]
[BlackTeam "SG Solingen"]
[WhiteFideId "4601556"]
[BlackFideId "1048104"]
[EventDate "2022.03.05"]

1. e4 c6 2. d4 d5 3. Nd2 dxe4 4. Nxe4 Nf6 5. Nxf6+ exf6 6. Nf3 Bd6 7. Be2 Na6 8.
O-O Nc7 9. Re1 O-O 10. c3 Re8 11. Bd3 Bg4 12. Rxe8+ Qxe8 13. Bd2 a5 14. h3 Bh5
15. Qe2 Qd7 16. Re1 a4 17. Qe4 Bg6 18. Qe2 b5 19. Bxg6 hxg6 20. c4 g5 21. Be3
Rb8 22. Qc2 Bf8 23. Rc1 a3 24. bxa3 Bxa3 25. Rb1 Ra8 26. Rb3 Bf8 27. Rc3 Bb4 28.
Rb3 Bf8 29. Rc3 Ne8 30. Qe2 Nd6 31. cxb5 cxb5 32. Rc2 Qf5 33. Ne1 Ra3 34. Qf3
Qe6 35. d5 Qe5 36. Qd1 Nc4 37. Bc1 Qa1 38. Qe2 Ra8 39. g3 Rd8 40. Qe4 Nb6 41.
Kg2 Nxd5 42. Bd2 b4 43. Nf3 Qb1 44. Qc4 Qd1 45. Rb2 Qa4 46. h4 Qa3 47. Rc2 Nb6
48. Qe4 gxh4 49. Qxh4 Qa8 50. Be3 Nd5 51. Qd4 b3 52. axb3 Nb4 53. Qc4 Nxc2 54.
Qxc2 Qb7 55. g4 Re8 56. Qf5 Qxb3 57. g5 Qe6 58. Qf4 fxg5 59. Nxg5 Qg6 60. Kf1
Rd8 61. Qa4 Qd3+ 62. Kg2 Qd5+ 63. Kh3 Rd6 64. Qe8 Qf5+ 65. Kg3 Rd1 66. f4 Qd7
67. Qe4 g6 68. Qc4 Qd5 69. Qa4 Rd3 70. Qe8 Qd7 71. Qe5 Bd6 72. Qe4 Bc5 73. Qa8+
Kg7 74. Qa1+ Bd4 0-1

[Event "Bundesliga 2021-22"]
[Site "Solingen GER"]
[Date "2022.05.01"]
[Round "6.4"]
[Board "7"]
[White "Andersen, Mads"]
[Black "Sebastian, Dirk"]
[Result "1-0"]
[WhiteTitle "GM"]
[BlackTitle "IM"]
[WhiteElo "2570"]
[BlackElo "2445"]
[WhiteTeam "SG Solingen"]
[BlackTeam "Hamburger SK"]
[WhiteFideId "1413864"]
[BlackFideId "4637607"]
[EventDate "2022.03.05"]

1. d4 Nf6 2. c4 c5 3. d5 b5 4. cxb5 a6 5. bxa6 g6 6. Nc3 Bg7 7. e4 O-O 8. Bc4 d6
9. Nf3 Bxa6 10. Bxa6 Nxa6 11. O-O Qa5 12. a4 Rfb8 13. Ra3 Rb4 14. e5 Ng4 15.
exd6 exd6 16. Nb5 Qb6 17. b3 Nc7 18. Nxc7 Qxc7 19. Bd2 Rb6 20. a5 Rbb8 21. Qc2
Nf6 22. Qc4 Qb7 23. Bf4 Qxd5 24. Qxd5 Nxd5 25. Bxd6 Rb5 26. a6 Nb4 27. a7 Nc6
28. Re1 Bf8 29. Re8 Rxe8 30. a8=Q Rxa8 31. Rxa8 Rxb3 32. h4 Rb1+ 33. Kh2 1-0

[Event "Bundesliga 2021-22"]
[Site "Solingen GER"]
[Date "2022.05.01"]
[Round "6.4"]
[Board "8"]
[White "Meissner, Felix"]
[Black "Predojevic, Borki"]
[Result "0-1"]
[WhiteTitle "FM"]
[BlackTitle "GM"]
[WhiteElo "2381"]
[BlackElo "2585"]
[WhiteTeam "Hamburger SK"]
[BlackTeam "SG Solingen"]
[WhiteFideId "24671827"]
[BlackFideId "930849"]
[EventDate "2022.03.05"]

1. e4 c5 2. Nf3 e6 3. d4 cxd4 4. Nxd4 Nc6 5. Nc3 Qc7 6. g3 a6 7. a4 Nf6 8. Nxc6
bxc6 9. Bg2 a5 10. O-O Ba6 11. Re1 e5 12. b3 Bb4 13. Bd2 O-O 14. g4 d6 15. g5
Nd7 16. Re3 Nc5 17. Qh5 f6 18. g6 hxg6 19. Qxg6 Qf7 20. Qg3 Ne6 21. Bh3 Nf4 22.
Rae1 d5 23. Rf3 d4 24. Bf5 Bxc3 25. Bxf4 exf4 26. Qh3 Rfe8 27. Rd1 Rad8 28. Qh7+
Kf8 29. Bg6 Qg8 30. Qh4 Re5 31. Qxf4 Ke7 32. Rg3 Be2 33. Rd2 Bxd2 34. Qxd2 Ba6
35. f4 Rc5 36. Qc1 Kd7 37. Qa3 Qf8 38. Qb2 Kc7 39. b4 axb4 0-1

[Event "Bundesliga 2021-22"]
[Site "Baden Baden GER"]
[Date "2022.05.01"]
[Round "6.5"]
[Board "1"]
[White "Keymer, Vincent"]
[Black "Sarana, Alexey"]
[Result "1-0"]
[WhiteTitle "GM"]
[BlackTitle "GM"]
[WhiteElo "2655"]
[BlackElo "2685"]
[WhiteTeam "Schachfreunde Deizisau"]
[BlackTeam "SF Berlin"]
[WhiteFideId "12940690"]
[BlackFideId "24133795"]
[EventDate "2022.03.05"]

1. Nf3 d5 2. g3 g6 3. Bg2 Bg7 4. d4 c6 5. O-O Nf6 6. c4 O-O 7. a4 b6 8. Ne5 Ba6
9. Nc3 e6 10. b3 Nfd7 11. Ba3 Re8 12. f4 Nxe5 13. fxe5 Nd7 14. cxd5 cxd5 15. Nb5
Bxb5 16. axb5 f5 17. Qd3 Bf8 18. Bc1 Be7 19. Bd2 Bg5 20. e3 Nf8 21. Rfc1 Re7 22.
h4 Bh6 23. Rc6 Rd7 24. Bb4 Qe8 25. Kf2 g5 26. hxg5 Bxg5 27. Bf3 Be7 28. Bd2 Bg5
29. Rh1 Rg7 30. Bh5 Qd8 31. Ke2 Qe7 32. Rhc1 Rd8 33. Be1 Ng6 34. Qc3 Qe8 35. Kd1
Re7 36. Kc2 Qf8 37. Bd2 Qh6 38. Rh1 Qg7 39. Kb2 Ra8 40. Rc1 Qh6 41. Rh1 Qf8 42.
Qd3 Qf7 43. g4 fxg4 44. Rf1 Qe8 45. Bxg4 Rc8 46. Bb4 Rxc6 47. Bxe7 Nxe7 48. bxc6
Nxc6 49. Rh1 h6 50. Bh5 Nb4 51. Qb1 Qb5 52. Rf1 Nd3+ 53. Kc3 Bxe3 54. Qxd3 Bxd4+
55. Kc2 1-0

[Event "Bundesliga 2021-22"]
[Site "Baden Baden GER"]
[Date "2022.05.01"]
[Round "6.5"]
[Board "2"]
[White "Piorun, Kacper"]
[Black "Bluebaum, Matthias"]
[Result "1/2-1/2"]
[WhiteTitle "GM"]
[BlackTitle "GM"]
[WhiteElo "2640"]
[BlackElo "2642"]
[WhiteTeam "SF Berlin"]
[BlackTeam "Schachfreunde Deizisau"]
[WhiteFideId "1130420"]
[BlackFideId "24651516"]
[EventDate "2022.03.05"]

1. e4 e5 2. Bc4 Nf6 3. d3 c6 4. Nf3 d5 5. Bb3 a5 6. a4 Bb4+ 7. Bd2 dxe4 8. Nxe5
O-O 9. O-O Bxd2 10. Nxd2 exd3 11. Nxd3 Bf5 12. Ne5 Nbd7 13. Qf3 Be6 14. Nxd7
Qxd7 15. Bxe6 Qxe6 16. Rfe1 Qd6 17. Ne4 Nxe4 18. Qxe4 Rad8 19. Qe7 Qxe7 20. Rxe7
Rfe8 21. Rxb7 Re2 22. c3 g6 23. Rf1 Rdd2 24. b4 Ra2 25. Rc7 1/2-1/2

[Event "Bundesliga 2021-22"]
[Site "Baden Baden GER"]
[Date "2022.05.01"]
[Round "6.5"]
[Board "3"]
[White "Kamsky, Gata"]
[Black "Schroeder, Jan-Christian"]
[Result "1/2-1/2"]
[WhiteTitle "GM"]
[BlackTitle "GM"]
[WhiteElo "2658"]
[BlackElo "2564"]
[WhiteTeam "Schachfreunde Deizisau"]
[BlackTeam "SF Berlin"]
[WhiteFideId "2000024"]
[BlackFideId "24662259"]
[EventDate "2022.03.05"]

1. d4 d5 2. Nf3 Nf6 3. c4 e6 4. g3 Be7 5. Bg2 O-O 6. O-O dxc4 7. Qc2 a6 8. a4
Bd7 9. Qxc4 Bc6 10. Bg5 Nbd7 11. Nc3 h6 12. Bxf6 Nxf6 13. b4 Bd5 14. Nxd5 exd5
15. Qb3 Bd6 16. b5 Qc8 17. Nd2 axb5 18. axb5 Qf5 19. Qb1 Qe6 20. Rxa8 Rxa8 21.
e4 dxe4 22. Nxe4 Nxe4 23. Qxe4 Qxe4 24. Bxe4 Ra4 25. Bxb7 Rxd4 26. Re1 g6 27.
Re2 Kg7 1/2-1/2

[Event "Bundesliga 2021-22"]
[Site "Baden Baden GER"]
[Date "2022.05.01"]
[Round "6.5"]
[Board "4"]
[White "Tomczak, Jacek"]
[Black "Kollars, Dmitrij"]
[Result "1-0"]
[WhiteTitle "GM"]
[BlackTitle "GM"]
[WhiteElo "2584"]
[BlackElo "2635"]
[WhiteTeam "SF Berlin"]
[BlackTeam "Schachfreunde Deizisau"]
[WhiteFideId "1124668"]
[BlackFideId "12909572"]
[EventDate "2022.03.05"]

1. e4 e5 2. Nf3 Nc6 3. Bb5 a6 4. Ba4 Nf6 5. O-O Nxe4 6. Re1 Nc5 7. Bxc6 dxc6 8.
Nxe5 Be7 9. d4 Ne6 10. Be3 O-O 11. c4 f6 12. Nf3 Re8 13. Nc3 Nf8 14. Qb3 Bg4 15.
Qxb7 Qd7 16. d5 Bd6 17. Nd2 cxd5 18. Qxd5+ Be6 19. Qa5 Reb8 20. c5 Be5 21. b3
Ng6 22. Nf3 Bxc3 23. Qxc3 Bd5 24. Nd4 c6 25. f3 Re8 26. Bf2 Ne7 27. Rad1 a5 28.
Qc2 a4 29. b4 a3 30. Bg3 Ng6 31. Rxe8+ Rxe8 32. b5 cxb5 33. c6 Qc8 34. c7 Bc4
35. Nxb5 Bxb5 36. Qb3+ Kh8 37. Qxb5 Nf8 38. Qxe8 Qxe8 39. Rd8 Qe3+ 40. Kf1 Qc1+
41. Be1 Qc4+ 42. Kg1 Qc5+ 43. Kh1 Qe7 44. Bf2 1-0

[Event "Bundesliga 2021-22"]
[Site "Baden Baden GER"]
[Date "2022.05.01"]
[Round "6.5"]
[Board "5"]
[White "Kozul, Zdenko"]
[Black "Gumularz, Szymon"]
[Result "0-1"]
[WhiteTitle "GM"]
[BlackTitle "GM"]
[WhiteElo "2619"]
[BlackElo "2539"]
[WhiteTeam "Schachfreunde Deizisau"]
[BlackTeam "SF Berlin"]
[WhiteFideId "14502879"]
[BlackFideId "1188062"]
[EventDate "2022.03.05"]

1. d4 Nf6 2. c4 e6 3. Nf3 d5 4. Nc3 c5 5. cxd5 Nxd5 6. e4 Nxc3 7. bxc3 cxd4 8.
cxd4 Bb4+ 9. Bd2 Bxd2+ 10. Qxd2 O-O 11. Bc4 Nd7 12. O-O b6 13. e5 Bb7 14. Qe3
Rc8 15. Rac1 h6 16. Nd2 Qc7 17. Ne4 Bxe4 18. Qxe4 Rfd8 19. Rc2 Nf8 20. Bb3 Qd7
21. Rd2 a5 22. d5 a4 23. Qxa4 Qxa4 24. Bxa4 Rxd5 25. Rxd5 exd5 26. Rd1 Ng6 27.
e6 Ne7 28. exf7+ Kxf7 29. Re1 Rc5 30. Kf1 b5 31. Bb3 Nc6 32. Ke2 Na5 33. Kd3
Nxb3 34. axb3 b4 35. Re3 Kf6 36. Kd4 Ra5 37. h4 Ra2 38. Rf3+ Ke6 39. Kc5 Rc2+
40. Kxb4 d4 41. Ka3 Kd5 42. h5 Rc7 43. Rf8 d3 44. Rd8+ Ke4 45. b4 Rc3+ 46. Ka4
Rc2 47. b5 Rxf2 48. b6 Rb2 49. Ka5 Ke3 50. Re8+ Kf2 51. Rd8 d2 52. Rd7 Ke2 53.
Re7+ Kd3 54. Rxg7 d1=Q 55. Rd7+ Kc4 0-1

[Event "Bundesliga 2021-22"]
[Site "Baden Baden GER"]
[Date "2022.05.01"]
[Round "6.5"]
[Board "6"]
[White "Sprenger, Jan Michael"]
[Black "Heimann, Andreas"]
[Result "0-1"]
[WhiteTitle "GM"]
[BlackTitle "GM"]
[WhiteElo "2483"]
[BlackElo "2581"]
[WhiteTeam "SF Berlin"]
[BlackTeam "Schachfreunde Deizisau"]
[WhiteFideId "4646258"]
[BlackFideId "24624632"]
[EventDate "2022.03.05"]

1. e4 e5 2. Nf3 Nc6 3. Bb5 Nf6 4. O-O Nxe4 5. Re1 Nd6 6. Nxe5 Be7 7. Bf1 O-O 8.
Nf3 Nf5 9. d4 d5 10. c3 Bd6 11. Bd3 Re8 12. Rxe8+ Qxe8 13. Nbd2 f6 14. Nf1 Qf7
15. Qc2 g6 16. Bd2 Bd7 17. Ne3 Nxe3 18. fxe3 Ne7 19. c4 dxc4 20. Bxc4 Be6 21. b3
Bxc4 22. bxc4 c5 23. d5 g5 24. Bc3 Ng6 25. Qf5 Rf8 26. Re1 Qe7 27. e4 Be5 28.
Bd2 Re8 29. Nxe5 Nxe5 30. Bc3 b6 31. Rf1 Nxc4 32. Bxf6 Qxe4 33. Qd7 Qg6 34. Bc3
Nd6 35. Qxa7 Nb5 36. Qb7 Nxc3 37. d6 Qe6 38. Qxb6 Qe3+ 39. Kh1 Ne4 40. d7 Nf2+
41. Kg1 Nh3+ 42. Kh1 Qg1+ 0-1

[Event "Bundesliga 2021-22"]
[Site "Baden Baden GER"]
[Date "2022.05.01"]
[Round "6.5"]
[Board "7"]
[White "Zilka, Stepan"]
[Black "Jakubowski, Krzysztof"]
[Result "1/2-1/2"]
[WhiteTitle "GM"]
[BlackTitle "GM"]
[WhiteElo "2606"]
[BlackElo "2475"]
[WhiteTeam "Schachfreunde Deizisau"]
[BlackTeam "SF Berlin"]
[WhiteFideId "315303"]
[BlackFideId "1112848"]
[EventDate "2022.03.05"]

1. e4 c5 2. Nf3 d6 3. d4 cxd4 4. Nxd4 Nf6 5. Nc3 a6 6. Be3 e5 7. Nb3 Be6 8. f3
Be7 9. Qd2 O-O 10. O-O-O Nbd7 11. g4 b5 12. Nd5 Bxd5 13. exd5 Nb6 14. Na5 Nfxd5
15. Nc6 Qc7 16. Nxe7+ Qxe7 17. Bxb6 Nxb6 18. Qxd6 Qg5+ 19. Qd2 Qe7 20. Bd3 Rac8
21. Rhe1 g6 22. f4 Qe6 23. Kb1 Qxg4 24. fxe5 Nc4 25. Bxc4 Rxc4 26. a3 Rc6 27.
Qf2 Re6 1/2-1/2

[Event "Bundesliga 2021-22"]
[Site "Baden Baden GER"]
[Date "2022.05.01"]
[Round "6.5"]
[Board "8"]
[White "Hess, Max"]
[Black "Dautov, Rustem"]
[Result "1/2-1/2"]
[WhiteTitle "FM"]
[BlackTitle "GM"]
[WhiteElo "2392"]
[BlackElo "2596"]
[WhiteTeam "SF Berlin"]
[BlackTeam "Schachfreunde Deizisau"]
[WhiteFideId "24656666"]
[BlackFideId "4623606"]
[EventDate "2022.03.05"]

1. e4 c6 2. d4 d5 3. Nd2 dxe4 4. Nxe4 Bf5 5. Ng3 Bg6 6. h4 h6 7. Nf3 Nd7 8. Bd3
Bxd3 9. Qxd3 e6 10. Bf4 Qa5+ 11. Bd2 Qc7 12. O-O-O O-O-O 13. Qe2 Bd6 14. Ne4 Bf4
15. g3 Bxd2+ 16. Nexd2 Ne7 17. Ne5 Rhf8 18. Rhe1 Nf5 19. Nb3 Nxe5 20. dxe5 Rxd1+
21. Rxd1 Rd8 22. h5 Rd5 23. Rxd5 cxd5 24. g4 Ne7 25. Nd4 Nc6 26. Nxc6 Qxc6 27.
Qe3 Qc4 28. b3 Qxg4 29. Qc5+ Kd7 30. Qd6+ Kc8 31. Qf8+ Kc7 32. Qd6+ Kc8 33. Qf8+ 1/2-1/2

[Event "Bundesliga 2021-22"]
[Site "Baden Baden GER"]
[Date "2022.05.01"]
[Round "6.6"]
[Board "1"]
[White "Wojtaszek, Radoslaw"]
[Black "Stern, Rene"]
[Result "1-0"]
[WhiteTitle "GM"]
[BlackTitle "GM"]
[WhiteElo "2694"]
[BlackElo "2510"]
[WhiteTeam "OSG Baden-Baden"]
[BlackTeam "SK Koenig Tegel"]
[WhiteFideId "1118358"]
[BlackFideId "4611799"]
[EventDate "2022.03.05"]

1. c4 e6 2. Nc3 d5 3. d4 Nf6 4. cxd5 exd5 5. Bg5 c6 6. e3 h6 7. Bh4 Bf5 8. Bd3
Bxd3 9. Qxd3 Nbd7 10. Nge2 Be7 11. f3 O-O 12. O-O Re8 13. Bf2 Bd6 14. Ng3 Re6
15. Rad1 Qe8 16. Nf5 Bf8 17. Rfe1 Nb6 18. Qc2 Rc8 19. e4 dxe4 20. fxe4 g6 21.
Nh4 Bg7 22. Nf3 Ng4 23. Bg3 c5 24. d5 Re7 25. d6 Re6 26. Nd5 Nxd5 27. exd5 Rxe1+
28. Rxe1 Qb5 29. a4 Qb6 30. d7 Rd8 31. Re8+ Bf8 32. Qe4 c4+ 33. Kh1 Nf6 34. Qe7 1-0

[Event "Bundesliga 2021-22"]
[Site "Baden Baden GER"]
[Date "2022.05.01"]
[Round "6.6"]
[Board "2"]
[White "Rabiega, Robert"]
[Black "Kasimdzhanov, Rustam"]
[Result "1/2-1/2"]
[WhiteTitle "GM"]
[BlackTitle "GM"]
[WhiteElo "2505"]
[BlackElo "2659"]
[WhiteTeam "SK Koenig Tegel"]
[BlackTeam "OSG Baden-Baden"]
[WhiteFideId "4601475"]
[BlackFideId "14200244"]
[EventDate "2022.03.05"]

1. e4 e5 2. Nf3 Nc6 3. Bc4 Nf6 4. d3 Bc5 5. O-O d6 6. c3 O-O 7. Nbd2 a5 8. h3 h6
9. Re1 Be6 10. Bb5 Nd7 11. Nf1 f5 12. exf5 Bxf5 13. Ng3 Bh7 14. Be3 Bxe3 15.
Rxe3 Nf6 16. d4 e4 17. Nd2 d5 18. f3 Na7 19. Ba4 exf3 20. Nxf3 Nc8 21. Bc2 Nd6 1/2-1/2